| 000 | 00485nam a2200217Ia 4500 | ||
|---|---|---|---|
| 001 | 109792 | ||
| 003 | YMCAF | ||
| 005 | 20230512162402.0 | ||
| 008 | 100717s2003 ||||||||||||||||| ||und|d | ||
| 024 | _a109792 | ||
| 035 | _aWB779 | ||
| 040 |
_aYMCAF _beng _cIN-KoLT |
||
| 041 | _aeng | ||
| 082 |
_a005.73 _bCOL |
||
| 100 | _aCollins, William J | ||
| 245 | 0 | _aData structure and the standard template | |
| 250 | _a1st | ||
| 260 |
_bTMH _c2003 |
||
| 300 | _a664 | ||
| 942 |
_2ddc _cBK |
||
| 999 |
_c11621 _d11621 |
||